000 00924nam a2200301 i 4500
003 EG-GICUC
005 20260423125350.0
008 260423s1910 |||a|||fr|||| 001 0 eng d
040 _aEG-GiCUC
_beng
_cEG-GiCUC
_dEG-GiCUC
_erda
041 0 _aeng
082 0 4 _221
_a343.83
_bGL . T
092 0 4 _221
099 _aLaw1 10 343.83 GL . T 1910
100 1 _aGlaister, John
_eAuthor.
245 1 2 _aA Text-book Of Medical Jurisprudence And Toxicology:
_cJohn Glaister.
264 1 _aEdinburgh:
_bE. & S. Livingstone,
_c1910.
300 _a784 pages :
_billustrations,
_c24 cm
336 _2rda content
_atext
337 _2rda media
_aComputer
338 _2rda carrier
_aOnline Resource
500 _aIncludes index.
546 _aText in English
650 1 _aCriminal law
_2qrmak
651 1 _2qrmak
856 4 0 _uhttps://fll.law.cu.edu.eg/fulltext/bks/B10-11169.pdf
905 _a158
942 _2ddc
_n0
_cBK
_e21
999 _c73060
_d73060